| 000 | 01033cam a2200193 4500 | ||
|---|---|---|---|
| 001 | ##L132914 | ||
| 008 | 060322n2006 000 0 eng u | ||
| 035 | _a(Sirsi) u132914 | ||
| 041 | 0 | _aeng | |
| 050 | 0 | 4 | _a333.336 $2 18 |
| 110 | 2 |
_aOffice of the Deputy Prime Minister _94685 |
|
| 245 | 0 | 0 |
_aDevelopment of commercial and industrial vacancy statistics _btechnical report |
| 260 |
_aLondon _ODPM _c2006 |
||
| 520 | _aPresents the findings of a project to identify vacant commercial and industrial property. It is the first step towards producing a definitive set commercial and industrial vacancy statistics for England and Wales. It will in time replace the financial-based estimates of vacancy produced by the Office of the Deputy Prime Minister. | ||
| 590 | _aIKA280306 | ||
| 690 | _aPROPERTY-COMMERCIAL PROPERTY-ACQUISITION AND DISPOSAL OF COMMERCIAL PROPERTY | ||
| 856 | 4 | 0 |
_uhttps://www.communities.gov.uk/documents/planningandbuilding/pdf/144023.pdf _zView the item free of charge at www.communities.gov.uk |
| 942 | _n0 | ||
| 999 |
_c105279 _d105279 |
||